Public relations writing : (Record no. 343700)

000 -LEADER
fixed length control field 01299 a2200205 4500
020 ## - INTERNATIONAL STANDARD BOOK NUMBER
International Standard Book Number 0844203513
020 ## - INTERNATIONAL STANDARD BOOK NUMBER
International Standard Book Number 9780844203515
082 04 - DEWEY DECIMAL CLASSIFICATION NUMBER
Classification number 659.2
090 ## - LOCALLY ASSIGNED LC-TYPE CALL NUMBER (OCLC); LOCAL CALL NUMBER (RLIN)
-- 1170
-- 1170
100 1# - MAIN ENTRY--PERSONAL NAME
Personal name Bivins, Thomas H.
245 10 - TITLE STATEMENT
Title Public relations writing :
Remainder of title the essentials of style and format /
Statement of responsibility, etc. Thomas H. Bivins.
250 ## - EDITION STATEMENT
Edition statement 4 Sub ed.
260 ## - PUBLICATION, DISTRIBUTION, ETC.
Place of publication, distribution, etc. [S.l.] :
Name of publisher, distributor, etc. NTC/Contemporary Publishing Company,
Date of publication, distribution, etc. 1998.
300 ## - PHYSICAL DESCRIPTION
Extent 385 p. ;
Dimensions 23 cm.
500 ## - GENERAL NOTE
General note Paperback.
520 ## - SUMMARY, ETC.
Summary, etc. This text equips students with the essential skills for developing and writing public relations materials, covering all areas of public relations writing - including news releases, backgrounders, newsletter and magazine articles, brochures, print advertising copy, and broadcast scripts. Recent technological changes are also covered to give students an understanding of how technology impacts the public relations industry. In the constantly changing world of public relations, the text continues to stress the need for public relations professionals to communicate more effectively to all audiences.
856 40 - ELECTRONIC LOCATION AND ACCESS
Materials specified Amazon.com
Uniform Resource Identifier <a href="http://www.amazon.com/exec/obidos/ASIN/0844203513/chopaconline-20">http://www.amazon.com/exec/obidos/ASIN/0844203513/chopaconline-20</a>
856 40 - ELECTRONIC LOCATION AND ACCESS
Materials specified Amazon customer reviews
Uniform Resource Identifier <a href="http://www.chopac.org/cgi-bin/tools/azrev.pl?q=0844203513">http://www.chopac.org/cgi-bin/tools/azrev.pl?q=0844203513</a>
942 ## - ADDED ENTRY ELEMENTS (KOHA)
Institution code [OBSOLETE] NBS
Koha item type Book
Call number prefix 659.2 BIV
Holdings
Withdrawn status Lost status Damaged status Not for loan Permanent Location Current Location Date acquired Total Checkouts Total Renewals Full call number Barcode Date last seen Date last checked out Price effective from Koha item type Source of classification or shelving scheme
        Central Library (CL) Central Library (CL) 08/28/2013 1 1 659.2 BIV NBS7096 09/06/2024 03/05/2024 08/28/2013 Book  
        Central Library (CL) Central Library (CL) 09/28/2019     659.2 BIV NBS6957 09/28/2019   09/28/2019 Book  
© 2023 Central Library, National University of Sciences and Technology. All Rights Reserved.